Elephantine XXXI : Kisten und Schreine im Festzug : Hinweise auf postume Kulte für hohe Beamte aus einem Depot von Kult- und anderen Gegenständen des ausgehenden 3. Jahrtausends v. Chr. /

Saved in:

Main Author: Dorn, Andreas (Author)

Format: Book

Language: German

Published: Wiesbaden : Harrassowitz Verlag, [2015].

Series: Elephantine ; 31.
Archaologische Veroffentlichungen (Deutsches Archaologisches Institut. Abteilung Kairo) ; 117.
ArchVer ; 117.

Subjects:

Tags: Add Tag

No Tags, Be the first to tag this record!

Call Number: ( F )DT57 .D47 v.117

LEADER 01583nam a22003617a 4500
003 OSt
005 20260521061109.0
008 240213t20152015gw af b 001 0 ger d
010 |a  2015417161 
020 |a 9783447104814 (alk. paper) 
035 |a (OCoLC)ocn933426112 
040 |c ARCE Library 
042 |a lccopycat 
043 |a f-ua--- 
050 4 |a ( F )DT57 .D47 v.117 
100 1 |a Dorn, Andreas,  |e author 
245 1 0 |a Elephantine XXXI :   |b Kisten und Schreine im Festzug : Hinweise auf postume Kulte für hohe Beamte aus einem Depot von Kult- und anderen Gegenständen des ausgehenden 3. Jahrtausends v. Chr. /  |c von Andreas Dorn ; mit einem Beitrag von Erico Peintner. 
264 1 |a Wiesbaden :  |b Harrassowitz Verlag,  |c [2015]. 
264 4 |c ©2015. 
300 |a 268 pages, 16 pages of plates :  |b some color illustrations ;  |c 36 cm. 
490 0 |a Elephantine ;  |v 31. 
490 0 |a Archaologische Veroffentlichungen (Deutsches Archaologisches Institut. Abteilung Kairo) ;   |v 117. 
490 0 |a ArchVer ;   |v 117. 
500 |a Revision of the author's Lizenziatsarbeit (master's--Universität Basel, 2000) originally presented under title: Die Funde aus dem älteren Ḥqʼ-jb-Heiligtum. 
504 |a Includes bibliographical references (pages 9-17) and indexes. 
650 0 |a Wooden boxes  |z Egypt  |z Elephantine. 
650 0 |a Shrines  |z Egypt  |z Elephantine. 
650 0 |a Dead  |x Religious aspects. 
650 0 |a Excavations (Archaeology)  |z Egypt  |z Elephantine. 
651 0 |a Elephantine (Egypt)  |x Antiquities. 
901 |a reviewed 
942 |2 lcc  |c BK 
999 |c 56763  |d 56763